[Event "Stuttgart-chA int"]
[Site "Ditzingen"]
[Date "2010.05.16"]
[Round "7"]
[White "Stein, Carsten"]
[Black "Hagemann, Tim"]
[Result "0-1"]
[WhiteElo "1977"]
[BlackElo "2164"]
[PlyCount "74"]
[EventDate "2010.05.13"]
[EventType "swiss"]
[EventRounds "7"]
[EventCountry "GER"]
[SourceTitle "EXT 2018"]
[Source "ChessBase"]
[SourceDate "2017.10.13"]
[SourceVersion "1"]
[SourceVersionDate "2017.10.13"]
[SourceQuality "1"]

1. d4 e6 2. Nf3 Nf6 3. Bg5 d5 4. e3 Be7 5. Nbd2 Nbd7 6. Bd3 c5 7. c3 b6 8. Ne5 Nxe5 9. dxe5 Nd7 10. Bxe7 Qxe7 11. f4 Bb7 12. 0-0 0-0-0 13. a4 a6 14. c4 a5 15. Qe2 f6 16. exf6 Nxf6 17. Nf3 Kb8 18. Ne5 Nd7 19. Nxd7+ Rxd7 20. Rfd1 g6 21. e4 d4 22. e5 Rf8 23. g3 g5 24. fxg5 Qxg5 25. Rf1 Rdf7 26. Bxh7 Rxf1+ 27. Rxf1 Rxf1+ 28. Kxf1 Qc1+ 29. Kf2 Qh1 30. h4 Qg2+ 31. Ke1 Qxg3+ 32. Qf2 Qxe5+ 33. Kd2 Qg7 34. Bd3 e5 35. Qh2 Ka7 36. Qe2 Qh6+ 37. Kc2 Qf4 0-1

[Event "San Sebastian op 33rd"]
[Site "San Sebastian"]
[Date "2010.04.04"]
[Round "9"]
[White "Huerga Leache, Mikel"]
[Black "Hagemann, Tim"]
[Result "1-0"]
[WhiteElo "2446"]
[BlackElo "2164"]
[PlyCount "105"]
[EventDate "2010.03.28"]
[EventType "swiss"]
[EventRounds "9"]
[EventCountry "ESP"]
[SourceTitle "CBM 135 Extra"]
[Source "ChessBase"]
[SourceDate "2010.05.04"]
[SourceVersion "1"]
[SourceVersionDate "2010.05.04"]
[SourceQuality "1"]

1. e4 e5 2. Nf3 d6 3. d4 Nf6 4. dxe5 Nxe4 5. Qd5 Nc5 6. Bg5 Qd7 7. exd6 Bxd6 8. Nc3 Qe6+ 9. Be3 Qxd5 10. Nxd5 Ne6 11. 0-0-0 Nd7 12. Bc4 Nb6 13. Nxb6 axb6 14. Bxb6 Bf4+ 15. Be3 Bxe3+ 16. fxe3 Ke7 17. a3 Ra5 18. Rhf1 f6 19. e4 Ra4 20. Bd5 c6 21. Bxe6 Bxe6 22. Nd4 g6 23. Rf4 c5 24. Nxe6 Kxe6 25. g3 b5 26. Rd5 Rc8 27. Kd2 b4 28. axb4 Rxb4 29. b3 c4 30. Rd4 c3+ 31. Kd3 Rxb3 32. cxb3 c2 33. Rf1 c1Q 34. Rxc1 Rxc1 35. Rc4 Rb1 36. b4 Rb2 37. Kc3 Rxh2 38. b5 Rh1 39. b6 Rb1 40. Rb4 Rc1+ 41. Kd4 Rc8 42. b7 Rd8+ 43. Kc5 Ke5 44. b8Q+ Rxb8 45. Rxb8 Kxe4 46. Rh8 h5 47. Rh6 Kf5 48. Kd4 Kg5 49. Rh8 Kg4 50. Ke3 Kxg3 51. Rh6 g5 52. Rxh5 Kg4 53. Rh1 1-0

[Event "San Sebastian op 33rd"]
[Site "San Sebastian"]
[Date "2010.04.01"]
[Round "6"]
[White "Hagemann, Tim"]
[Black "Perez Cameselle, Francisco Jose"]
[Result "1-0"]
[WhiteElo "2164"]
[BlackElo "1958"]
[PlyCount "49"]
[EventDate "2010.03.28"]
[EventType "swiss"]
[EventRounds "9"]
[EventCountry "ESP"]
[SourceTitle "CBM 135 Extra"]
[Source "ChessBase"]
[SourceDate "2010.05.04"]
[SourceVersion "1"]
[SourceVersionDate "2010.05.04"]
[SourceQuality "1"]

1. d4 Nf6 2. Nf3 e6 3. e3 b6 4. Bd3 Bb7 5. 0-0 Ne4 6. Nfd2 d5 7. f3 Nf6 8. c3 Be7 9. e4 0-0 10. e5 Nfd7 11. f4 f5 12. exf6 Nxf6 13. Qe2 Qd6 14. Nf3 Ne4 15. Nbd2 Nxd2 16. Bxd2 Nc6 17. Rae1 Bc8 18. Ne5 Nxe5 19. fxe5 Qd7 20. Qh5 g6 21. Bxg6 hxg6 22. Qxg6+ Kh8 23. Bh6 Rg8 24. Qh5 Qe8 25. Rf7 1-0

[Event "San Sebastian op 33rd"]
[Site "San Sebastian"]
[Date "2010.03.28"]
[Round "1"]
[White "Muriel Dominguez, Mariano"]
[Black "Hagemann, Tim"]
[Result "0-1"]
[WhiteElo "1657"]
[BlackElo "2164"]
[PlyCount "80"]
[EventDate "2010.03.28"]
[EventType "swiss"]
[EventRounds "9"]
[EventCountry "ESP"]
[SourceTitle "CBM 135 Extra"]
[Source "ChessBase"]
[SourceDate "2010.05.04"]
[SourceVersion "1"]
[SourceVersionDate "2010.05.04"]
[SourceQuality "1"]

1. d4 e6 2. c4 Nf6 3. Nc3 Bb4 4. Qc2 Nc6 5. Nf3 d6 6. a3 Bxc3+ 7. bxc3 Qe7 8. e4 e5 9. Bd3 0-0 10. d5 Nb8 11. Bg5 Nbd7 12. Rb1 Nc5 13. 0-0 h6 14. Be3 Nh5 15. Qd2 Nxd3 16. Qxd3 f5 17. Rb2 f4 18. Bd2 b6 19. Ne1 g5 20. f3 Nf6 21. g4 Qd7 22. Nc2 a5 23. Ra1 Ba6 24. a4 Rf7 25. h3 h5 26. Na3 hxg4 27. hxg4 Nxg4 28. Qe2 Nf6 29. Kf2 Rh7 30. Rg1 Rh2+ 31. Rg2 Rxg2+ 32. Kxg2 Kf7 33. Rb1 Rh8 34. Rh1 Rxh1 35. Kxh1 Qh3+ 36. Kg1 g4 37. Qg2 Qxf3 38. Qxf3 gxf3 39. Kf2 Nxe4+ 40. Kxf3 Nxd2+ 0-1

[Event "Stuttgart-chA int"]
[Site "Ditzingen"]
[Date "2005.05.08"]
[Round "7"]
[White "Hagemann, Tim"]
[Black "Haecker, Alexander"]
[Result "1/2-1/2"]
[WhiteElo "2097"]
[BlackElo "2207"]
[PlyCount "35"]
[EventDate "2005.05.05"]
[EventType "swiss"]
[EventRounds "7"]
[EventCountry "GER"]
[SourceTitle "EXT 2018"]
[Source "ChessBase"]
[SourceDate "2017.10.13"]
[SourceVersion "1"]
[SourceVersionDate "2017.10.13"]
[SourceQuality "1"]

1. d4 d5 2. Nf3 Nf6 3. e3 Bf5 4. Bd3 Bg6 5. 0-0 e6 6. c4 c6 7. Nc3 Nbd7 8. Qe2 Bd6 9. e4 dxe4 10. Nxe4 Nxe4 11. Bxe4 0-0 12. b3 Re8 13. Bxg6 hxg6 14. Bb2 Qc7 15. Ne5 Nxe5 16. dxe5 Bc5 17. Bc3 Red8 18. Rad1 1/2-1/2

[Event "Stuttgart-chA int"]
[Site "Ditzingen"]
[Date "2005.05.06"]
[Round "4"]
[White "Schuetz, Guenter"]
[Black "Hagemann, Tim"]
[Result "0-1"]
[WhiteElo "2215"]
[BlackElo "2097"]
[PlyCount "122"]
[EventDate "2005.05.05"]
[EventType "swiss"]
[EventRounds "7"]
[EventCountry "GER"]
[SourceTitle "EXT 2018"]
[Source "ChessBase"]
[SourceDate "2017.10.13"]
[SourceVersion "1"]
[SourceVersionDate "2017.10.13"]
[SourceQuality "1"]

1. f4 d5 2. Nf3 g6 3. g3 Bg7 4. Bg2 Nf6 5. 0-0 0-0 6. d3 c5 7. Qe1 Nc6 8. c3 d4 9. Na3 Nd5 10. Bd2 e5 11. fxe5 Nxe5 12. Nxe5 Bxe5 13. Nc2 Bg7 14. Rb1 a5 15. cxd4 cxd4 16. Qf2 Nc7 17. b4 Nd5 18. Qf3 Nc3 19. Bxc3 dxc3 20. b5 a4 21. a3 Ra5 22. Rb4 b6 23. d4 Bd7 24. Rfb1 Qe8 25. e4 Rxb5 26. Qxc3 Rxb4 27. Nxb4 Qc8 28. Qd3 b5 29. Nd5 Qd8 30. Rd1 Bg4 31. Rd2 Qa5 32. h3 Be6 33. Ne7+ Kh8 34. Nc6 Qb6 35. e5 Bd7 36. Qe4 Bxc6 37. Qxc6 Qxc6 38. Bxc6 Rd8 39. d5 Bxe5 40. Kf2 Bd6 41. Rd3 Rb8 42. g4 b4 43. axb4 Rxb4 44. Ke3 Kg7 45. Ra3 Rb3+ 46. Rxb3 axb3 47. Ba4 b2 48. Bc2 Kf6 49. Ke4 Kg5 50. Kf3 f5 51. Bb1 Kf6 52. Ba2 Ke5 53. Bb1 f4 54. h4 Kxd5 55. h5 gxh5 56. g5 h4 57. Kg4 Kd4 58. Kxh4 Ke3 59. Kh3 f3 60. Bxh7 f2 61. Kg2 Ke2 0-1

[Event "Stuttgart-chA int"]
[Site "Ditzingen"]
[Date "2005.05.05"]
[Round "2"]
[White "Eisele, Steffen"]
[Black "Hagemann, Tim"]
[Result "1/2-1/2"]
[WhiteElo "2214"]
[BlackElo "2097"]
[PlyCount "112"]
[EventDate "2005.05.05"]
[EventType "swiss"]
[EventRounds "7"]
[EventCountry "GER"]
[SourceTitle "EXT 2018"]
[Source "ChessBase"]
[SourceDate "2017.10.13"]
[SourceVersion "1"]
[SourceVersionDate "2017.10.13"]
[SourceQuality "1"]

1. e4 e6 2. d4 d5 3. Nc3 Bb4 4. e5 Ne7 5. a3 Bxc3+ 6. bxc3 c5 7. Nf3 b6 8. h4 Ba6 9. Bxa6 Nxa6 10. h5 h6 11. Rh4 Qc7 12. Qd3 Nb8 13. Rg4 Nf5 14. Nh4 Nxh4 15. Rxh4 Nc6 16. Rg4 Rc8 17. Rxg7 cxd4 18. cxd4 Nxe5 19. Qg3 Nd7 20. Ra2 Qc3+ 21. Bd2 Qxg3 22. Rxg3 Nf6 23. Rh3 Ne4 24. Be3 f6 25. f3 Ng5 26. Rh1 Kd7 27. Kd2 Nf7 28. Kd3 Rc6 29. Rc1 Rhc8 30. c3 Rc4 31. Rb2 Rg8 32. Rcc2 Rh8 33. Rb4 Rhc8 34. Rxc4 Rxc4 35. Rf2 Rc8 36. Rf1 Rg8 37. g4 Rc8 38. Bd2 b5 39. Rb1 a6 40. a4 Kc6 41. axb5+ axb5 42. Ra1 Kb6 43. f4 Nd6 44. Re1 Ne4 45. f5 exf5 46. gxf5 Rg8 47. Rxe4 dxe4+ 48. Kxe4 Kc6 49. Bxh6 Re8+ 50. Kf4 Rh8 51. Bg7 Rxh5 52. Bxf6 Kd5 53. Be5 Rh3 54. f6 Rxc3 55. f7 Rc8 56. Bg7 b4 1/2-1/2

[Event "Stuttgart op"]
[Site "Stuttgart"]
[Date "2003.05.30"]
[Round "3.9"]
[White "Hagemann, Tim"]
[Black "Reich, Thomas"]
[Result "1/2-1/2"]
[WhiteElo "2104"]
[BlackElo "2394"]
[PlyCount "25"]
[EventDate "2003.05.29"]
[EventType "swiss"]
[EventRounds "7"]
[EventCountry "GER"]
[SourceTitle "CBM 094 Extra"]
[Source "ChessBase"]
[SourceDate "2003.07.09"]
[SourceVersion "2"]
[SourceVersionDate "2003.07.09"]
[SourceQuality "1"]

1. d4 Nf6 2. Nf3 g6 3. Bg5 Bg7 4. Nbd2 d5 5. e3 c5 6. c3 0-0 7. Bd3 Nbd7 8. 0-0 b6 9. b4 Re8 10. Bb5 cxb4 11. cxb4 Bb7 12. Rc1 a6 13. Bc6 1/2-1/2

[Event "Stuttgart-chA"]
[Site "Stuttgart"]
[Date "2003.??.??"]
[Round "?"]
[White "Hagemann, Tim"]
[Black "Braun, Peter"]
[Result "0-1"]
[WhiteElo "2100"]
[BlackElo "2245"]
[PlyCount "114"]
[EventDate "2003.??.??"]
[EventType "swiss"]
[EventRounds "9"]
[EventCountry "GER"]
[SourceTitle "EXT 2007"]
[Source "ChessBase"]
[SourceDate "2006.11.23"]
[SourceVersion "1"]
[SourceVersionDate "2006.11.23"]
[SourceQuality "1"]

1. d4 Nf6 2. Nf3 d5 3. e3 e6 4. Bd3 c5 5. c3 Nc6 6. Nbd2 Bd6 7. 0-0 0-0 8. dxc5 Bxc5 9. Qe2 Qc7 10. e4 Bd6 11. Re1 Ng4 12. h3 Nge5 13. Nxe5 Nxe5 14. exd5 exd5 15. Nf3 Re8 16. Bf4 Nxf3+ 17. Qxf3 Rxe1+ 18. Rxe1 Be6 19. Bxd6 Qxd6 20. Bc2 Rd8 21. Rd1 Qe5 22. Qd3 g6 23. Bb3 b6 24. Qd4 Qg5 25. Kh2 Rd7 26. f4 Qh4 27. Qe3 h5 28. Rd4 Qf6 29. g3 Qf5 30. h4 Re7 31. Qf2 Qh3+ 32. Kg1 Bg4 33. Bd1 Bxd1 34. Rxd1 Qg4 35. Rd2 Qf5 36. Kh2 Re4 37. Kg2 Qe6 38. Qf3 Re3 39. Qf2 Qe4+ 40. Kh2 Kh7 41. Qg2 Qe6 42. a3 Kg8 43. Qf1 Rxg3 44. Kxg3 Qe3+ 45. Qf3 Qxd2 46. f5 gxf5 47. Qxf5 Qe3+ 48. Kh2 Qe2+ 49. Kh3 Qe6 50. Qxe6 fxe6 51. Kg3 Kf7 52. b3 Kf6 53. Kf4 e5+ 54. Ke3 Kf5 55. c4 dxc4 56. bxc4 e4 57. a4 Ke5 0-1

[Event "Stuttgart-chA"]
[Site "Stuttgart"]
[Date "2003.??.??"]
[Round "?"]
[White "Hagemann, Tim"]
[Black "Kinzig, Lars"]
[Result "1-0"]
[WhiteElo "2100"]
[BlackElo "1710"]
[PlyCount "35"]
[EventDate "2003.??.??"]
[EventType "swiss"]
[EventRounds "9"]
[EventCountry "GER"]
[SourceTitle "EXT 2007"]
[Source "ChessBase"]
[SourceDate "2006.11.23"]
[SourceVersion "1"]
[SourceVersionDate "2006.11.23"]
[SourceQuality "1"]

1. d4 d5 2. Nf3 c6 3. e3 Nf6 4. Bd3 Bg4 5. Nbd2 e6 6. c3 Nbd7 7. e4 dxe4 8. Nxe4 Nxe4 9. Bxe4 Bd6 10. 0-0 Qc7 11. h3 Bh5 12. Bd3 0-0 13. Bxh7+ Kxh7 14. Ng5+ Kg6 15. g4 Bxg4 16. Qxg4 Nf6 17. Qg2 Kh5 18. Nxe6 1-0

[Event "Stuttgart-chA"]
[Site "Stuttgart"]
[Date "2003.??.??"]
[Round "?"]
[White "Schmidt, Matthias"]
[Black "Hagemann, Tim"]
[Result "0-1"]
[WhiteElo "1925"]
[BlackElo "2100"]
[PlyCount "78"]
[EventDate "2003.??.??"]
[EventType "swiss"]
[EventRounds "9"]
[EventCountry "GER"]
[SourceTitle "EXT 2007"]
[Source "ChessBase"]
[SourceDate "2006.11.23"]
[SourceVersion "1"]
[SourceVersionDate "2006.11.23"]
[SourceQuality "1"]

1. Nf3 Nf6 2. d4 e6 3. c4 Bb4+ 4. Nbd2 d5 5. e3 0-0 6. a3 Be7 7. Bd3 b6 8. Qc2 Bb7 9. 0-0 c5 10. dxc5 bxc5 11. b3 Nbd7 12. Bb2 h6 13. Rfe1 Qc7 14. Rad1 Rab8 15. Nf1 e5 16. cxd5 Bxd5 17. Bc4 Bxc4 18. bxc4 e4 19. N3d2 Ne5 20. Bxe5 Qxe5 21. Rb1 Bd6 22. Rxb8 Rxb8 23. Rb1 Re8 24. Rb7 Qa1 25. Nb1 Qe5 26. Nbd2 Qh5 27. Ng3 Bxg3 28. hxg3 Qe2 29. Rb2 Rd8 30. Nf1 Qxc2 31. Rxc2 Rd3 32. Rb2 Rxa3 33. Rb8+ Kh7 34. Rb5 Nd7 35. Nd2 Ra1+ 36. Kh2 Nf6 37. f3 exf3 38. Nxf3 Ng4+ 39. Kh3 Nf2+ 0-1

[Event "Leinfelden Schachtage op 1st"]
[Site "Leinfelden"]
[Date "2000.??.??"]
[Round "6"]
[White "Vatter, Hans Joachim"]
[Black "Hagemann, Tim"]
[Result "1-0"]
[WhiteElo "2362"]
[BlackElo "2090"]
[PlyCount "121"]
[EventDate "2000.08.??"]
[EventType "swiss"]
[EventRounds "7"]
[EventCountry "GER"]
[SourceTitle "EXT 2003"]
[Source "ChessBase"]
[SourceDate "2002.11.25"]
[SourceVersion "1"]
[SourceVersionDate "2002.11.25"]
[SourceQuality "1"]

1. e4 Nf6 2. e5 Nd5 3. d4 d6 4. Nf3 Bg4 5. Be2 c6 6. Ng5 Bf5 7. Bg4 Bxg4 8. Qxg4 h6 9. Nf3 dxe5 10. dxe5 e6 11. 0-0 Nd7 12. Nbd2 Qc7 13. Qe4 g5 14. a3 Bg7 15. Nc4 Kf8 16. Re1 b5 17. Ncd2 Rd8 18. c4 Ne7 19. b4 Ng6 20. Bb2 Ndxe5 21. Nxe5 Bxe5 22. Bxe5 Nxe5 23. Qxe5 Qxe5 24. Rxe5 Rxd2 25. cxb5 cxb5 26. Rxb5 Kg7 27. Rb7 Rhd8 28. g3 R8d7 29. Rxd7 Rxd7 30. a4 Kf6 31. b5 Rd5 32. Rb1 Ke7 33. a5 Kd7 34. b6 axb6 35. axb6 Kc8 36. Rc1+ Kb8 37. Rc7 f5 38. Rh7 Rb5 39. Rxh6 Rxb6 40. h3 Kc7 41. Rg6 g4 42. hxg4 fxg4 43. Rxg4 Kd6 44. Rg7 Rb8 45. Kg2 e5 46. g4 Ke6 47. Rg6+ Kf7 48. Rg5 Kf6 49. Rf5+ Ke6 50. Kg3 Rh8 51. Rf3 Rg8 52. Ra3 Kf6 53. Ra6+ Kf7 54. Kh4 Rf8 55. Kg5 Kg7 56. Rg6+ Kh7 57. Rf6 Re8 58. Rf7+ Kg8 59. Rf3 e4 60. Ra3 Rf8 61. Ra2 1-0